[Event "IECC TH-M-2870"]
[Site "IECC email"]
[Date "2013.01.20"]
[Round "?"]
[White "Petrovic, Dusan M"]
[Black "Djuric, Mirko"]
[Result "0-1"]
[WhiteElo "2143"]
[BlackElo "2423"]
[PlyCount "140"]
[EventDate "2013.??.??"]
[EventType "tourn (corr)"]
[SourceTitle "Telechess CBM 165"]
[Source "ChessBase"]
[SourceDate "2015.03.11"]
[SourceVersion "1"]
[SourceVersionDate "2015.03.11"]
[SourceQuality "1"]
[WhiteTeam "SCG"]
[BlackTeam "Serbia"]
[BlackTeamCountry "SRB"]

1. e4 c6 2. d4 d5 3. Nc3 dxe4 4. Nxe4 Nf6 5. Nxf6+ exf6 6. Nf3 Na6 7. a3 Nc7 8. c4 g6 9. Be2 Bg7 10. 0-0 0-0 11. Re1 Re8 12. Be3 b5 13. d5 cxd5 14. c5 Bg4 15. h3 Bxf3 16. Bxf3 f5 17. Qd2 Rc8 18. Rad1 d4 19. Bg5 Rxe1+ 20. Rxe1 Bf6 21. Bxf6 Qxf6 22. b4 Re8 23. Rd1 Rd8 24. Qd3 Qe6 25. Kf1 Kg7 26. Re1 Qc4 27. Rd1 a5 28. bxa5 Qxc5 29. g3 Rd6 30. Kg2 Ra6 31. Qxd4+ Qxd4 32. Rxd4 Rxa5 33. Rd3 Ra6 34. Rb3 Ne6 35. Rxb5 Nd4 36. Rb7 Nxf3 37. Kxf3 Rxa3+ 38. Kg2 g5 39. Rb5 Kg6 40. Rb6+ f6 41. Rb4 h5 42. g4 h4 43. gxf5+ Kxf5 44. Rb6 Ra4 45. Rb5+ Kg6 46. Rb6 g4 47. hxg4 Rxg4+ 48. Kh3 Ra4 49. f3 Kg5 50. Rb5+ f5 51. Rb8 Ra3 52. Kg2 Ra4 53. Rg8+ Kf4 54. Rh8 Ra2+ 55. Kh3 Kxf3 56. Rxh4 f4 57. Rh8 Ra1 58. Kh2 Kf2 59. Rb8 Re1 60. Rb2+ Re2 61. Rb1 f3 62. Kh3 Re3 63. Rb2+ Kf1 64. Rb1+ Re1 65. Rb2 f2 66. Kg3 Re3+ 67. Kh2 Re7 68. Rb1+ Ke2 69. Rb2+ Kf3 70. Rb3+ Re3 0-1

[Event "IECC CL2-2012.06 email"]
[Site "IECC email"]
[Date "2012.12.19"]
[Round "?"]
[White "Elliott, Thomas"]
[Black "Petrovic, Dusan M"]
[Result "1/2-1/2"]
[WhiteElo "1995"]
[BlackElo "2139"]
[PlyCount "118"]
[EventDate "2012.??.??"]
[EventType "tourn (corr)"]
[EventRounds "4"]
[SourceTitle "Telechess CBM 165"]
[Source "ChessBase"]
[SourceDate "2015.03.11"]
[SourceVersion "1"]
[SourceVersionDate "2015.03.11"]
[SourceQuality "1"]
[BlackTeam "SCG"]

1. d4 d5 2. c4 e6 3. Nc3 Nf6 4. cxd5 exd5 5. Bg5 Nbd7 6. e3 c6 7. Bd3 Bd6 8. Nf3 h6 9. Bh4 0-0 10. Qc2 Re8 11. 0-0 Nf8 12. Rae1 Bg4 13. Nd2 Bh5 14. f4 Be7 15. Bf5 Bg6 16. Bxf6 Bxf6 17. Nf3 Bxf5 18. Qxf5 Be7 19. Ne5 f6 20. Nd3 Bd6 21. Rf3 Qd7 22. Qh5 Qf7 23. Qh3 Re7 24. Rg3 Rae8 25. Rf1 Kh8 26. Nd1 Bc7 27. Nc3 Qg8 28. Rd1 Ne6 29. Rf3 Nd8 30. Re1 Nf7 31. Rff1 Qh7 32. f5 h5 33. Re2 Ng5 34. Qh4 Kg8 35. Qe1 h4 36. Nf4 Bxf4 37. Rxf4 h3 38. g3 Qh5 39. g4 Qh6 40. Qg3 a5 41. a4 b6 42. Kf2 Qh8 43. Kg1 Kf7 44. Rf1 Qh6 45. Rf4 Kf8 46. Kf2 Rd7 47. Kg1 Kg8 48. Kf1 Kf7 49. Re1 Qh8 50. e4 Rde7 51. Re2 dxe4 52. d5 c5 53. d6 Re5 54. d7 R8e7 55. Nxe4 Qa8 56. Nxg5+ fxg5 57. Rxe5 Rxe5 58. Rf3 Re7 59. Qxh3 Rxd7 1/2-1/2

[Event "IECC TH-M-2880"]
[Site "IECC email"]
[Date "2010.02.10"]
[Round "?"]
[White "Djuric, Ljubomir"]
[Black "Petrovic, Dusan M"]
[Result "1-0"]
[WhiteElo "2358"]
[BlackElo "2166"]
[PlyCount "71"]
[EventDate "2010.??.??"]
[EventType "match (corr)"]
[SourceTitle "Corr 2013"]
[Source "ChessBase"]
[SourceDate "2012.11.12"]
[SourceVersion "1"]
[SourceVersionDate "2012.11.12"]
[SourceQuality "1"]
[WhiteTeam "Brazil"]
[BlackTeam "Italy"]
[WhiteTeamCountry "BRA"]
[BlackTeamCountry "ITA"]

1. d4 d5 2. e4 dxe4 3. Nc3 Nf6 4. f3 Bf5 5. g4 Bg6 6. g5 Nd5 7. fxe4 Nxc3 8. bxc3 Bxe4 9. Nf3 Qd5 10. Bg2 Nc6 11. Qe2 0-0-0 12. c4 Qe6 13. d5 Bxf3 14. Bxf3 Qxe2+ 15. Bxe2 Nd4 16. Bd3 Nf3+ 17. Ke2 Ne5 18. Bb2 Nxd3 19. cxd3 h6 20. Raf1 f6 21. h4 Rd6 22. Bc1 Ra6 23. a3 h5 24. Rf3 e5 25. Rg1 Kd8 26. gxf6 gxf6 27. Rf5 Be7 28. Rg7 Ra4 29. Kd2 b5 30. Kc3 Ra6 31. Kc2 bxc4 32. dxc4 c6 33. d6 Bxd6 34. Rxf6 Bxa3 35. Bg5 Be7 36. Rd6+ 1-0

[Event "IECC TH-M-2875"]
[Site "IECC email"]
[Date "2009.12.12"]
[Round "?"]
[White "Petrovic, Dusan M"]
[Black "Djuric, Mirko"]
[Result "0-1"]
[WhiteElo "2218"]
[BlackElo "2338"]
[PlyCount "92"]
[EventDate "2009.??.??"]
[EventType "match (corr)"]
[EventRounds "2"]
[SourceTitle "Telechess CBM 137"]
[Source "ChessBase"]
[SourceDate "2010.07.15"]
[SourceVersion "1"]
[SourceVersionDate "2010.07.15"]
[SourceQuality "1"]
[WhiteTeam "SCG"]
[BlackTeam "SCG"]

1. e4 c6 2. d4 d5 3. e5 c5 4. dxc5 e6 5. Nc3 Nc6 6. Nf3 Bxc5 7. Bd3 a6 8. 0-0 Nge7 9. Kh1 Qc7 10. Na4 Ba7 11. Bf4 f5 12. Qd2 Ng6 13. Rac1 0-0 14. Rce1 d4 15. b3 b5 16. Nb2 Bc5 17. Re2 Nb4 18. a4 Bb7 19. Ng5 h6 20. Nh3 Na2 21. Nd1 Bb4 22. c3 Nxc3 23. Nxc3 Qxc3 24. Qxc3 Bxc3 25. axb5 axb5 26. Bxb5 Bd5 27. Bd3 Bxb3 28. Rb1 Rfb8 29. Rc1 Rc8 30. Bg3 Bc4 31. Bxc4 Rxc4 32. Rec2 d3 33. Rxc3 Rxc3 34. Rxc3 d2 35. Rd3 Ra1+ 36. Ng1 d1Q 37. Rxd1 Rxd1 38. f4 Rf1 39. h4 Nxf4 40. Bxf4 Rxf4 41. Nf3 Re4 42. h5 Kf7 43. Kh2 Ke8 44. Kh3 Kd7 45. Kg3 Kc6 46. Kh3 Kd5 0-1

[Event "IECC TH-M-2876"]
[Site "IECC email"]
[Date "2009.12.12"]
[Round "?"]
[White "Petrovic, Dusan M"]
[Black "Djuric, Mirko"]
[Result "0-1"]
[WhiteElo "2209"]
[BlackElo "2353"]
[PlyCount "76"]
[EventDate "2009.??.??"]
[EventType "match (corr)"]
[EventRounds "2"]
[SourceTitle "Telechess CBM 137"]
[Source "ChessBase"]
[SourceDate "2010.07.15"]
[SourceVersion "1"]
[SourceVersionDate "2010.07.15"]
[SourceQuality "1"]
[WhiteTeam "SCG"]
[BlackTeam "SCG"]

1. Nf3 d5 2. c4 e6 3. g3 Nf6 4. Bg2 Be7 5. 0-0 0-0 6. b3 c5 7. Bb2 Nc6 8. e3 d4 9. exd4 cxd4 10. d3 e5 11. Re1 Nd7 12. Nbd2 Re8 13. a3 a5 14. Bh3 Nc5 15. Bxc8 Rxc8 16. Ne4 Nd7 17. Qc2 f5 18. Ned2 Bd6 19. Re2 Nc5 20. Rae1 Bb8 21. Kh1 Re7 22. Qb1 e4 23. dxe4 d3 24. Re3 f4 25. gxf4 Bxf4 26. e5 Rb8 27. Ne4 Bxe3 28. Rxe3 Nxe4 29. Rxe4 b5 30. Nd4 d2 31. Qd1 Rxe5 32. Rxe5 Nxe5 33. cxb5 Qd5+ 34. Kg1 Rd8 35. Qxd2 Qxd4 36. Bxd4 Nf3+ 37. Kg2 Nxd2 38. Be3 Nxb3 0-1